<?xml version="1.0" encoding="UTF-8"?>
<collection xmlns="http://www.loc.gov/MARC21/slim">
    <record>
        <controlfield tag="001">74747</controlfield>
        <controlfield tag="005">20180822120514.0</controlfield>
        <datafield tag="037" ind1=" " ind2=" ">
            <subfield code="a">GDOC-2017-69000</subfield>
        </datafield>
        <datafield tag="041" ind1=" " ind2=" ">
            <subfield code="a">spa</subfield>
        </datafield>
        <datafield tag="041" ind1=" " ind2=" ">
            <subfield code="a">eng</subfield>
        </datafield>
        <datafield tag="245" ind1="0" ind2="0">
            <subfield code="9">69000</subfield>
            <subfield code="a">Trabajo fin de Máster</subfield>
        </datafield>
        <datafield tag="242" ind1="0" ind2="0">
            <subfield code="9">69000</subfield>
            <subfield code="a">Master's Dissertation</subfield>
        </datafield>
        <datafield tag="260" ind1=" " ind2=" ">
            <subfield code="a">Zaragoza</subfield>
            <subfield code="b">Universidad de Zaragoza</subfield>
            <subfield code="c">2017-2018</subfield>
        </datafield>
        <datafield tag="520" ind1=" " ind2=" ">
            <subfield code="a">Breve presentación de la asignatura
Se trata de una Asignatura obligatoria de 18 créditos que culmina el Plan de Estudios del Máster, una vez superados los 42 ECTS (25 de Asignaturas obligatorias y 17 de optativas) y que consiste en la realización y presentación de un Trabajo de Investigación tutorizado por un Profesor del Máster.</subfield>
        </datafield>
        <datafield tag="521" ind1=" " ind2=" ">
            <subfield code="9">671</subfield>
            <subfield code="a">Máster Universitario en Condicionantes Genéticos, nutricionales y ambientales del crecimiento y desarrollo</subfield>
            <subfield code="b">Master's in Genetic, nutritional and environmental growth and development condiitoners</subfield>
        </datafield>
        <datafield tag="540" ind1=" " ind2=" ">
            <subfield code="a">by-nc-sa</subfield>
            <subfield code="b">Creative Commons</subfield>
            <subfield code="c">3.0</subfield>
            <subfield code="u">http://creativecommons.org/licenses/by-nc-sa/3.0/</subfield>
        </datafield>
        <datafield tag="830" ind1=" " ind2=" ">
            <subfield code="9">461</subfield>
        </datafield>
        <datafield tag="856" ind1="4" ind2=" ">
            <subfield code="s">13958</subfield>
            <subfield code="u">http://zaguan.unizar.es/record/74747/files/guia-69000-es.pdf</subfield>
            <subfield code="y">Guía (idioma español)</subfield>
        </datafield>
        <datafield tag="856" ind1="4" ind2=" ">
            <subfield code="s">8400</subfield>
            <subfield code="u">http://zaguan.unizar.es/record/74747/files/guia-69000-en.pdf</subfield>
            <subfield code="y">Guide (english)</subfield>
        </datafield>
        <datafield tag="970" ind1=" " ind2=" ">
            <subfield code="a">GDOC-2017-69000</subfield>
        </datafield>
        <datafield tag="980" ind1=" " ind2=" ">
            <subfield code="a">GDOC</subfield>
            <subfield code="b">Ciencias de la Salud</subfield>
            <subfield code="b">Health Sciences</subfield>
            <subfield code="c">104</subfield>
        </datafield>
    </record>

    
</collection>